Online
Catalog

La hija del coronel / (Record no. 8838)

MARC details
000 -CABECERA
campo de control de longitud fija 00701cam a2200217 a 4500
001 - NÚMERO DE CONTROL
campo de control 000009074
005 - FECHA Y HORA DE LA ÚLTIMA TRANSACCIÓN
campo de control 20200929161459.0
008 - DATOS DE LONGITUD FIJA--INFORMACIÓN GENERAL
campo de control de longitud fija 981030s1997 sp 000 f spa
020 ## - NÚMERO INTERNACIONAL ESTÁNDAR DEL LIBRO
Número Internacional Estándar del Libro 8476476930
040 ## - FUENTE DE LA CATALOGACIÓN
Centro catalogador/agencia de origen DO-SdBNP
Centro/agencia transcriptor DLC
Centro/agencia modificador DLC
082 ## - NÚMERO DE LA CLASIFICACIÓN DECIMAL DEWEY
Número de clasificación 963.64
Número de documento/Ítem C335h, 1997
100 1# - ENTRADA PRINCIPAL--NOMBRE DE PERSONA
Nombre de persona Casariego, Martín,
Forma completa/desarrollada del nombre (Martín Casariego Córdoba),
Fechas asociadas al nombre 1962-
9 (RLIN) 21732
245 13 - MENCIÓN DE TÍTULO
Título La hija del coronel /
Mención de responsabilidad, etc. Martín Casariego.
250 ## - MENCIÓN DE EDICIÓN
Mención de edición 2a ed.
260 ## - PUBLICACIÓN, DISTRIBUCIÓN, ETC.
Lugar de publicación, distribución, etc. Sevilla, (España) :
Nombre del editor, distribuidor, etc. Algaida,
Fecha de publicación, distribución, etc. 1997.
300 ## - DESCRIPCIÓN FÍSICA
Extensión 342 p. ;
Dimensiones 23 cm.
586 ## - NOTA DE PREMIOS
Nota de premios XXIX premio de la novela Ateneo de Sevilla.
650 #4 - PUNTO DE ACCESO ADICIONAL DE MATERIA--TÉRMINO DE MATERIA
Término de materia o nombre geográfico como elemento de entrada Novela española
9 (RLIN) 1123
650 #4 - PUNTO DE ACCESO ADICIONAL DE MATERIA--TÉRMINO DE MATERIA
Término de materia o nombre geográfico como elemento de entrada Literatura española
Subdivisión cronológica SIGLO XX
9 (RLIN) 3326
910 ## - DATOS DE OPCIÓN DEL USUARIO (OCLC)
Datos de opción del usuario Catalogación por copia / LC
Holdings
Estado de retiro Estado de pérdida Restricciones de uso No para préstamo Código de colección Localización permanente Ubicación/localización actual Ubicación en estantería Fecha de adquisición Número de inventario Total de préstamos Signatura topográfica completa Código de barras Fecha visto por última vez Precio válido a partir de Tipo de ítem Koha
    Préstamo interno   Monografías: Libros y Folletos General General En catalogación 25.09.2009 LF1   963.64 C335h, 1997 9074-10 25.06.2020 25.06.2020 Préstamo interno

Powered by Koha